000
00276nam a22001217a 4500
020
_a
9789697088508
040
_c
NUST
082
_a
891.4393 NAS
100
_a
Naseem Hijazi
_9
88501
245
_a
Shaheen
260
_a
LAHORE:
_b
Jahangir Book Depot,
_c
2020.
942
_2
ddc
_c
BK
999
_c
587645
_d
587645